| Поле | Инд. | ПП | Название | Значение |
|---|---|---|---|---|
| Тип записи | a | |||
| Библиографический уровень | b | |||
| 001 | Контрольный номер | RU/IS/BASE/172772352 | ||
| 005 | Дата корректировки | 20200526074532.9 | ||
| 008 | Кодируемые данные | 20050622 | ||
| 084 | a | Индекс другой классификации/Индекс ББК | 88.93 | |
| 100 | 1_ | a | Автор | Торопчин И. И. |
| q | Полное имя | Торопчин Иван Иванович | ||
| 245 | a | Заглавие | Метафоры и субличности: технология психологической помощи | |
| 500 | a | Примечание | Приложение. Список метафор, объединенных в модальности. Каждая модальность включает в себя признаки, отражающие в общем-то одно и то же переживание (чувство), различаясь, однако, достаточно заметными оттенками, интересными нюансами в зоне этого переживания, а также степенью выраженности относительно основного содержания этой модальности | |
| 504 | a | Библиография | Библиогр.: с. 142 | |
| 650 | a | Основная рубрика | практическая психология (прикладная психология) | |
| a | Основная рубрика | психокоррекция | ||
| a | Основная рубрика | психология | ||
| 653 | a | Ключевые слова | консультативная психология | |
| a | Ключевые слова | метод метафоры | ||
| a | Ключевые слова | психологическая помощь | ||
| 773 | t | Заглавие источника | Журнал практического психолога | |
| d | Дата издания источника | 2005 | ||
| g | Прочая информация | № 1. - С. 139 - 146 | ||
| w | Контрольный № источника | RU/IS/BASE/166630077 | ||
| 901 | t | Тип документа | b |